| 000 | 00792nam a22002657a 4500 | ||
|---|---|---|---|
| 003 | CHAP | ||
| 005 | 20220329133922.0 | ||
| 008 | 971013s r 00010 d | ||
| 010 | _a12685 | ||
| 011 | _a13657 | ||
| 035 | _a17729 | ||
| 040 | _cCHAP | ||
| 090 | _aR-825 | ||
| 100 | 0 | 0 |
_aHayes, A. J. _953177 |
| 245 | _aStudies on the mycology os seats pine litter | ||
| 500 | _asobretiro de : Repot on Forest Research for the year anded March 1965. pp. 107-110 | ||
| 590 |
_aBATCH-UPD _b10 _c20130110 _lUCH01 _h0145 |
||
| 590 |
_aBATCH-UPD _b10 _c20130110 _lUCH01 _h1714 |
||
| 590 |
_aCONVERSION _b10 _c20130109 _lUCH01 _h1308 |
||
| 650 | 1 | 4 |
_aMadera _xHongos. _969608 |
| 650 | 1 | 4 |
_aPinus sylvestris. _988367 |
| 901 | _aBK | ||
| 942 | _cREIMP | ||
| 949 |
_aR-825 _bBC _cR _d-41622 _eTS1 _i17729 _si |
||
| 999 |
_c12685 _d12685 |
||